000 00324nam a2200133Ia 4500
005 20260328104338.0
008 260328s9999||||xx |||||||||||||| ||und||
100 _aTedeschi, Enrico
245 0 _aFrank Lloyd Wright /
_cEnrico Tedeschi
260 _bNueva Visión
300 _a87 p.
650 _aARQUITECTOS
942 _cBK
999 _c11976
_d11976